[Event "DEN-chT 1011 49th"]
[Site "Denmark"]
[Date "2010.12.05"]
[Round "3.1"]
[White "Hillarp Persson, Tiger"]
[Black "Rasmussen, Allan Stig"]
[Result "1-0"]
[WhiteElo "2528"]
[BlackElo "2538"]
[PlyCount "81"]
[EventDate "2010.11.06"]
[EventType "team-tourn"]
[EventRounds "9"]
[EventCountry "DEN"]
[SourceTitle "EXT 2012"]
[Source "ChessBase"]
[SourceDate "2011.11.24"]
[SourceVersion "1"]
[SourceVersionDate "2011.11.24"]
[SourceQuality "1"]
[WhiteTeam "Bronshoj"]
[BlackTeam "Jetsmark"]
[WhiteTeamCountry "DEN"]
[BlackTeamCountry "DEN"]

1. Nf3 d5 2. c4 dxc4 3. Na3 a6 4. Nxc4 b5 5. Ne3 Bb7 6. b3 ({RR} 6. g3 e6 7. Bg2 Nf6 8. O-O Nbd7 9. b3 Be7 10. Bb2 O-O 11. Qc2 c5 12. Rac1 h6 13. Rfd1 Rc8 14. Qb1 Qb6 15. Qa1 Rfd8 16. Ne5 Bxg2 17. Kxg2 Nxe5 18. Bxe5 Qb7+ 19. Kg1 Qe4 20. d3 Qg6 {Wojtaszek,R (2726)-Rublevsky,S (2678) Warsaw 2010 1-0 (53)}) ({RR} 6. g3 e5 7. Bg2 e4 8. Nh4 g6 9. Qc2 Nf6 10. b3 Bg7 11. Bb2 O-O 12. Rc1 Nc6 13. Bxf6 Qxf6 14. Bxe4 Rfe8 15. Qd3 Qb2 16. Rxc6 Qa1+ 17. Nd1 Re6 18. Rxe6 {0-1 (18) Brull Mayol,C (2165)-Ivanov,J (2360) Palma de Mallorca 2020}) 6... e5 7. Bb2 e4 8. Nd4 Nf6 $146 ({RR} 8... c5 9. Ndf5 f6 10. g4 h5 {½-½ (10) Lezcano Jaen,P (2320)-Rausis,I (2495) Las Palmas 1996}) 9. g4 Nbd7 10. Qc2 c5 11. Ndf5 h6 12. h4 Qc7 13. Bh3 Ne5 14. O-O-O g5 15. Qc3 Ned7 16. Bg2 Rg8 17. hxg5 Rxg5 18. d3 O-O-O 19. dxe4 Nxe4 20. Bxe4 Bxe4 21. f3 Bc6 22. Nd5 Bxd5 23. Rxd5 Qf4+ 24. Kb1 Rxg4 25. Bc1 Qb4 26. Qxb4 Rxb4 27. Bd2 Nf6 28. Rxd8+ Kxd8 29. Bxb4 cxb4 30. e4 Nh7 31. f4 Nf6 32. e5 Ne4 33. Nxh6 Ke7 34. f5 Ng3 35. Rh3 Ne2 36. Ng8+ Kd7 37. Rd3+ Kc6 38. e6 fxe6 39. fxe6 Nc3+ 40. Kc2 Nd5 41. Rxd5 1-0

[Event "Wch Blitz 5th"]
[Site "Moscow"]
[Date "2010.11.16"]
[Round "7"]
[White "Ponomariov, Ruslan"]
[Black "Grachev, Boris V"]
[Result "1-0"]
[WhiteElo "2744"]
[BlackElo "2654"]
[PlyCount "111"]
[EventDate "2010.11.16"]
[EventType "tourn (blitz)"]
[EventRounds "38"]
[EventCountry "RUS"]
[EventCategory "20"]
[SourceTitle "EXT 2011"]
[Source "ChessBase"]
[SourceDate "2010.11.26"]
[SourceVersion "1"]
[SourceVersionDate "2010.11.26"]
[SourceQuality "1"]

1. Nf3 d5 ({RR} 1... c6 2. g3 {0-1 (6) Matlakov,M (2704)-Li,C (2724) Qinhuangdao 2018}) 2. g3 c6 3. Bg2 Bf5 4. O-O h6 5. d3 e6 6. c4 dxc4 7. dxc4 Nd7 8. Nc3 Ngf6 9. a3 $146 ({RR} 9. Be3 Be7 10. Qb3 Qc7 11. Rfd1 Ng4 12. Bf4 e5 13. Bd2 Nc5 14. Qa3 Nxf2 15. Rf1 Ng4 16. b4 Ne6 17. h3 Nf6 18. g4 Bh7 19. Nh4 a5 20. c5 O-O 21. Nf5 Bxf5 22. gxf5 axb4 {0-1 (22) Zablotsky,S (2525)-Grachev,B (2666) Sochi 2015}) 9... a5 10. Bf4 Be7 11. Ne5 O-O 12. Rc1 Nxe5 13. Bxe5 Ng4 14. Bf4 e5 15. Bd2 Qb6 16. h3 Nf6 17. Na4 Qc7 18. Be3 Be4 19. Qb3 Bxg2 20. Kxg2 Nd7 21. Rfd1 Rfe8 22. Rd2 Bg5 23. Rcd1 Nf6 24. Bb6 Qe7 25. e3 h5 26. Qc2 e4 27. Bc5 Qe6 28. Nb6 Rab8 29. Bd6 Rbd8 30. c5 h4 31. Qc4 Qf5 32. Qe2 hxg3 33. fxg3 Qg6 34. Nc4 Nd5 35. Rxd5 cxd5 36. Rxd5 Bf6 37. Nxa5 Rd7 38. Nc4 Rdd8 39. Qg4 Qh6 40. Rh5 Qg6 41. Qxg6 fxg6 42. Rd5 Rd7 43. h4 Rf7 44. Bf4 Be7 45. b4 Rd8 46. Re5 Rd3 47. Rxe4 Rc3 48. Ne5 Rc2+ 49. Kh3 Rf6 50. Nxg6 Bxc5 51. h5 Bf8 52. Re8 Rf2 53. Be5 R6f5 54. Kg4 Kh7 55. Bd6 Rf6 56. Nxf8+ 1-0

[Event "Wch Blitz 5th"]
[Site "Moscow"]
[Date "2010.11.17"]
[Round "19"]
[White "Mamedov, Rauf"]
[Black "Karjakin, Sergey"]
[Result "1-0"]
[WhiteElo "2660"]
[BlackElo "2760"]
[PlyCount "125"]
[EventDate "2010.11.16"]
[EventType "tourn (blitz)"]
[EventRounds "38"]
[EventCountry "RUS"]
[EventCategory "20"]
[SourceTitle "EXT 2011"]
[Source "ChessBase"]
[SourceDate "2010.11.26"]
[SourceVersion "1"]
[SourceVersionDate "2010.11.26"]
[SourceQuality "1"]

1. g3 d5 2. Bg2 Nf6 3. d3 c6 4. Nf3 Bg4 5. O-O Nbd7 6. Nbd2 e5 7. e4 Bd6 8. h3 Bh5 9. g4 Bg6 10. Nh4 O-O 11. Nf5 Bc5 ({RR} 11... Bc7 12. Nb3 h6 13. Qf3 a5 14. a4 Re8 15. g5 hxg5 16. Bxg5 Qb8 17. h4 Bd8 18. Bh3 Nf8 19. Kh1 N6h7 20. Bd2 Bxf5 21. Bxf5 Bxh4 22. exd5 cxd5 23. Qxd5 Bg5 24. Bxh7+ Nxh7 25. Bxg5 Nxg5 26. f4 {Malakhov,V (2709)-Vitiugov,N (2688) Dagomys 2009 1-0 (44)}) 12. Qe2 $146 ({RR} 12. c3 Re8 13. Qc2 Bf8 14. Nf3 Nc5 15. Rd1 Qc7 16. N3h4 Rad8 17. Be3 Ne6 18. Bf3 Bc5 19. b4 Bxe3 20. fxe3 dxe4 21. dxe4 Rxd1+ 22. Rxd1 Rd8 23. Bg2 Ng5 24. Rxd8+ Qxd8 25. Ng3 Qd7 26. Nhf5 h6 {Sai,K (2402)-Abdukhakimov,A (2271) chess.com INT 2024 1-0 (63)}) ({RR} 12. h4 h5 13. g5 Ng4 14. Nb3 Bxf5 15. Nxc5 Nxc5 16. exf5 e4 17. f3 exf3 18. Qxf3 Qb6 19. Kh1 Nd7 20. Rb1 Rfe8 21. Bf4 f6 22. Bh3 Ne3 23. Rg1 Qd4 24. Rbc1 Rad8 25. Rg3 Ng4 26. Bxg4 hxg4 {Ivannikau,M (2168)-Kopylov,D (2034) Poprad 2016 1-0 (54)}) 12... Re8 13. Nf3 a5 14. Bg5 Nf8 15. Be3 Bxe3 16. Qxe3 Qc7 17. N3h4 Ne6 18. Qg3 Nf4 19. Rfe1 dxe4 20. Bxe4 Nxe4 21. Rxe4 f6 22. Rae1 c5 23. b3 Re6 24. a4 Be8 25. g5 Bc6 26. gxf6 Bxe4 27. Nxg7 Kf7 28. Nxe6 Kxe6 29. Rxe4 Kxf6 30. Kf1 Qd7 31. Rxf4+ exf4 32. Qxf4+ Ke7 33. Nf5+ Kd8 34. Qe5 b6 35. Qh8+ Qe8 36. Qf6+ Kc7 37. Qd6+ Kb7 38. Qf4 Qd7 39. Nd6+ Ka7 40. Nb5+ Kb7 41. Qe4+ Kb8 42. Qe5+ Kb7 43. Qe4+ Kb8 44. Qf3 Qe7 45. h4 Qg7 46. h5 Qa1+ 47. Kg2 Qg7+ 48. Kf1 Qa1+ 49. Ke2 Qe5+ 50. Kd2 Qg5+ 51. Kd1 Qg1+ 52. Kd2 Qg5+ 53. Ke2 Qe5+ 54. Qe4 Qxh5+ 55. Ke1 Qg6 56. Qe7 Qc6 57. Qxh7 Kc8 58. Qe7 Qh1+ 59. Kd2 Qc6 60. f4 Kb8 61. f5 c4 62. bxc4 Qg2+ 63. Kc3 1-0

[Event "Wch Blitz 5th"]
[Site "Moscow"]
[Date "2010.11.18"]
[Round "29"]
[White "Mamedov, Rauf"]
[Black "Carlsen, Magnus"]
[Result "1-0"]
[WhiteElo "2660"]
[BlackElo "2802"]
[PlyCount "79"]
[EventDate "2010.11.16"]
[EventType "tourn (blitz)"]
[EventRounds "38"]
[EventCountry "RUS"]
[EventCategory "20"]
[SourceTitle "EXT 2011"]
[Source "ChessBase"]
[SourceDate "2010.11.26"]
[SourceVersion "1"]
[SourceVersionDate "2010.11.26"]
[SourceQuality "1"]

1. g3 {Ftacnik,Lubomir} d5 2. Bg2 Nf6 3. d3 c6 4. Nf3 Bg4 5. O-O Nbd7 6. Nbd2 e6 7. e4 Be7 8. Re1 ({RR} 8. Qe1) 8... O-O 9. h3 Bh5 10. Qe2 a5 ({RR} 10... dxe4 11. dxe4 e5 12. b3 ({RR} 12. a4 Re8 13. Qc4 Qc7 14. Nh4 Bf8 15. Nb3 Nb6 16. Qc3 Nfd7 17. a5 Nc8 18. Nf5 Bg6 19. Be3 Nd6 20. Nxd6 Bxd6 21. Red1 Red8 {RR} 22. f3 Nf8 23. Nc5) 12... Qc7 13. Bb2 Rfe8 ({RR} 13... Bb4 14. a3 Bxd2 15. Qxd2) 14. Qf1 ({RR} 14. a4 Rad8) ({RR} 14. Nc4 Bc5) 14... Rad8 15. a3 ({RR} 15. a4 Bb4 16. c3 Bf8) 15... b5 ({RR} 15... Bf8 16. Nc4 b5) 16. Bc3 ({RR} 16. Nh4 Nc5 17. Bc3) 16... Bf8 ({RR} 16... a5 17. b4) 17. Nh4 Nc5 18. Bf3 Bg6 ({RR} 18... Bxf3 19. Nhxf3 a5) 19. Nxg6 hxg6 20. Bg2 a6 ({RR} 20... Ne6 21. Nf3 Nd7) 21. Qe2 ({RR} 21. Rad1 Ne6 22. Bb2 Bc5) ({RR} 21. Red1) 21... Ne6 22. Nf3 Nd7 ({RR} 22... Nd4 23. Nxd4 ({RR} 23. Bxd4 exd4 24. Qd3 ({RR} 24. e5 Nd7 25. Nxd4 ({RR} 25. Qd3 Nxe5 26. Nxe5 Rxe5 27. Rxe5 Qxe5 28. Bxc6 Qc7) ({RR} 25. b4) 25... Nxe5) 24... c5 25. e5 c4 26. bxc4 bxc4 27. Qd2 Nh7) 23... exd4 24. Bb2 c5 25. f4) 23. a4 ({RR} 23. h4) 23... b4 24. Bb2 a5 25. c3 {Karpov,A (2735)-Anand,V (2770) Lausanne 1998 CBM 063 [Ftacnik,Lubomir] 1-0 (62)} ({RR} 25. Red1 c5 26. Qc4 ({RR} 26. Rd5 Nd4 27. Nxd4 cxd4) 26... Nb6 ({RR} 26... Nd4 27. Bxd4 exd4 28. Nxd4) 27. Qb5 Nd4 28. Nxd4 cxd4 29. Qxa5 Qxc2 30. Bxd4 exd4 31. Qxb6 Bc5)) 11. a4 Qb6 $146 ({RR} 11... h6 12. Nf1 dxe4 13. dxe4 Nc5 14. Qc4 Bg6 15. Ne5 Bh7 16. Bf4 Qb6 17. Be3 Qa6 18. Qxa6 Nxa6 19. Bb6 Bd8 20. Nc4 Nb4 21. Re2 Bxb6 22. Nxb6 Rad8 23. Nc4 Ra8 24. Nb6 Ra6 25. Nc4 b5 26. Ne5 {Stavast,D (2048)-Lommers,F (2191) Hoogeveen 2010 1-0 (74)}) 12. g4 Bg6 13. Nh4 dxe4 14. Nxg6 hxg6 15. Nxe4 Nxe4 16. Bxe4 Nf6 17. Bg2 Rad8 18. c3 c5 19. Bf4 Nd5 20. Be5 Bf6 21. Bg3 g5 22. Be4 Rd7 23. Rab1 Rfd8 24. Ra1 g6 25. Rad1 Bg7 26. h4 gxh4 27. Bxh4 Rc8 28. Bg3 Qb3 29. Bxg6 Qxa4 30. g5 Rcd8 31. Be4 Ne7 32. Qh5 Nf5 33. g6 Nxg3 34. fxg3 f5 35. Rf1 Rd5 36. Bxd5 Rxd5 37. Rde1 Qd7 38. g4 f4 39. Qh7+ Kf8 40. Rxf4+ 1-0

[Event "Wch Blitz 5th"]
[Site "Moscow"]
[Date "2010.11.18"]
[Round "30"]
[White "Nakamura, Hikaru"]
[Black "Ponomariov, Ruslan"]
[Result "1-0"]
[WhiteElo "2741"]
[BlackElo "2744"]
[PlyCount "100"]
[EventDate "2010.11.16"]
[EventType "tourn (blitz)"]
[EventRounds "38"]
[EventCountry "RUS"]
[EventCategory "20"]
[SourceTitle "EXT 2011"]
[Source "ChessBase"]
[SourceDate "2010.11.26"]
[SourceVersion "1"]
[SourceVersionDate "2010.11.26"]
[SourceQuality "1"]

1. e4 e6 2. d3 d5 3. Nd2 c5 4. g3 Nc6 5. Bg2 g6 6. Ngf3 Bg7 7. O-O Nge7 8. Re1 b6 9. e5 Qc7 10. Qe2 h6 11. h4 g5 12. hxg5 hxg5 13. Nxg5 Qxe5 14. Qxe5 Nxe5 15. Ngf3 ({RR} 15. Nc4 Nxc4 16. dxc4 Bb7 17. c3 Rd8 18. a4 O-O 19. a5 Rd7 20. cxd5 Bxd5 21. Ne4 Bc4 22. Ra4 Bb5 23. Ra3 Nd5 24. Nd2 Bd3 25. axb6 axb6 26. Nf3 Rdd8 27. Ne5 Bxe5 28. Rxe5 Ra8 29. Bxd5 exd5 {Kovalev,V (2650)-Ruck,R (2529) Batumi 2018 ½-½ (51)}) 15... N5c6 16. c3 $146 ({RR} 16. a3 Ba6 17. Rb1 Nf5 18. b4 Nfd4 19. c4 Nc2 20. b5 Nxe1 21. Nxe1 Bxb5 22. cxb5 Nd4 23. Kf1 Ke7 24. Ndf3 a6 25. Nxd4 Bxd4 26. Nc2 Bf6 27. bxa6 Rxa6 28. Be3 Rc8 29. Ke2 Rh8 30. Rxb6 Ra5 {Danzer,G (2245)-De Wiljes,J (1765) Oberhof 1999 1-0 (52)}) ({RR} 16. Nb3 Nb4 17. Re2 Ba6 18. a3 Nbc6 19. Re1 Rd8 20. Rd1 Nf5 21. c3 Bxd3 22. Rxd3 c4 23. Rd1 cxb3 24. Nd2 Na5 25. Bf1 Nd6 26. Re1 Ndc4 27. Nf3 Bxc3 28. Bxc4 Nxc4 29. bxc3 b2 30. Bxb2 Nxb2 {Kotepalli,S (1914)-Rustemov,A (2525) Chess.com INT 2020 0-1 (55)}) 16... Ba6 17. Bf1 Ng6 18. a4 Kd7 19. Rd1 Bf6 20. Rb1 Rh5 21. b4 cxb4 22. cxb4 Bb7 23. b5 Nce5 24. d4 Nc4 25. Bg2 Rc8 26. Nf1 Ne7 27. N1h2 Bg7 28. Ng4 f6 29. Nh4 Nf5 30. Nxf5 Rxf5 31. Rb3 Rh5 32. Nh2 Nd6 33. Nf1 Bh6 34. Bf3 Bxc1 35. Bxh5 Bh6 36. Bg4 Rc4 37. Ra3 f5 38. Be2 Rc2 39. Bd3 Rc8 40. Nh2 Nc4 41. Ra2 Kd6 42. Nf3 Rc7 43. Re1 Bc8 44. Kg2 Bg7 45. Rh1 Bf6 46. Rh6 Rf7 47. Re2 Bd7 48. Kg1 Rf8 49. Rh7 Rc8 50. Rh6 Rf8 1-0

[Event "Wch Blitz 5th"]
[Site "Moscow"]
[Date "2010.11.18"]
[Round "30"]
[White "Vachier Lagrave, Maxime"]
[Black "Eljanov, Pavel"]
[Result "1-0"]
[WhiteElo "2703"]
[BlackElo "2742"]
[PlyCount "113"]
[EventDate "2010.11.16"]
[EventType "tourn (blitz)"]
[EventRounds "38"]
[EventCountry "RUS"]
[EventCategory "20"]
[SourceTitle "EXT 2011"]
[Source "ChessBase"]
[SourceDate "2010.11.26"]
[SourceVersion "1"]
[SourceVersionDate "2010.11.26"]
[SourceQuality "1"]

1. e4 c6 2. d3 d5 3. Nd2 e5 4. g3 Nf6 5. Bg2 Bd6 6. Ngf3 O-O 7. O-O Bg4 8. c3 Nbd7 9. Qc2 Re8 10. Re1 a5 ({RR} 10... Qc7 11. h3 Bh5 12. Nh4 dxe4 13. dxe4 Nc5 14. Nc4 Bf8 15. Bg5 Nfd7 16. a4 f6 17. Be3 Bf7 18. Bf1 b5 19. axb5 cxb5 20. Na5 a6 21. b4 Na4 22. Rec1 Rac8 23. Rxa4 bxa4 24. Bxa6 Bxb4 25. Bxc8 {Hoang Canh Huan (2361)-Nguyen Van Huy (2356) Hanoi VIE 2024 0-1 (40)}) 11. b3 $146 ({RR} 11. Nf1 Bc7 12. Be3 Qe7 13. h3 Be6 14. Ng5 dxe4 15. Nxe6 Qxe6 16. dxe4 Red8 17. Nd2 Bb6 18. Bxb6 Nxb6 19. Red1 a4 20. Nf1 Rxd1 21. Qxd1 Qe7 22. Ne3 g6 23. Qc2 Nbd7 24. Rd1 b5 25. Qd2 Kf8 {Kohout,P (2275)-Riediger,M (2255) Bayern 1997 0-1 (39)}) ({RR} 11. Nf1 Nc5 12. exd5 Bf5 13. dxc6 bxc6 14. Nh4 Bxd3 15. Qd1 e4 16. Be3 Ne6 17. f3 Bc5 18. fxe4 Bxe4 19. Qxd8 Raxd8 20. Bxe4 Nxe4 21. Rad1 a4 22. Nf5 a3 23. Bxc5 Rxd1 24. Rxd1 axb2 25. Rb1 N6xc5 {Decoster,F (2005)-Versporten,W (2115) Ghent 2000 ½-½}) 11... Bh5 12. Bb2 Qc7 13. Rac1 a4 14. b4 b5 15. a3 Rac8 16. c4 d4 17. Nh4 Qb8 18. c5 Bf8 19. Rf1 Be2 20. Rfe1 Bg4 21. h3 Be6 22. Rf1 Nh5 23. Rce1 g6 24. Bc1 Bh6 25. Ndf3 Bb3 26. Qb2 Bg7 27. Nh2 Nf8 28. Ng4 Ne6 29. Nf3 Nd8 30. Qe2 Qc7 31. Ngh2 h6 32. Kh1 Kh7 33. Rg1 f6 34. Nh4 Bf7 35. Bf3 Rg8 36. Nxg6 Bxg6 37. Bxh5 Qf7 38. Bxg6+ Qxg6 39. Qg4 Nf7 40. Qxg6+ Kxg6 41. Nf3 Kh7 42. Nh4 Bf8 43. Nf5 Nd8 44. f4 Ne6 45. fxe5 fxe5 46. Ref1 h5 47. Nh4 Be7 48. Rf5 Bxh4 49. Rxh5+ Kg6 50. Rh6+ Kf7 51. Rxh4 Rcf8 52. Rf1+ Ke8 53. Rxf8+ Rxf8 54. Kg2 Nd8 55. Rh5 Nf7 56. Rf5 Kd7 57. Bh6 1-0

[Event "Iberoamerican-ch KO 3rd-4th 3rd"]
[Site "Mexico City"]
[Date "2010.11.20"]
[Round "2.1"]
[White "Iturrizaga Bonelli, Eduardo"]
[Black "Felgaer, Ruben Alejandro"]
[Result "1-0"]
[WhiteElo "2607"]
[BlackElo "2591"]
[PlyCount "89"]
[EventDate "2010.11.18"]
[EventType "k.o."]
[EventRounds "2"]
[EventCountry "MEX"]
[SourceTitle "EXT 2011"]
[Source "ChessBase"]
[SourceDate "2010.11.26"]
[SourceVersion "1"]
[SourceVersionDate "2010.11.26"]
[SourceQuality "1"]

1. Nf3 d5 2. c4 d4 3. b4 g6 4. Bb2 Bg7 5. g3 e5 6. d3 Ne7 7. Bg2 O-O 8. Nbd2 ({RR} 8. O-O a5 9. a3 Ra7 {½-½ (10) Moreby,J (2300)-Lalic,B (2415) Newcastle 2022}) ({RR} 8. O-O a5 9. a3 Ra7 {½-½ (10) Moreby,J (2300)-Lalic,B (2415) Newcastle 2022}) 8... a5 9. a3 Ra7 10. O-O b6 11. Qb3 $146 a4 12. Qc2 c5 13. Rfe1 Nf5 14. b5 Re8 15. Rad1 Bb7 16. e3 dxe3 17. fxe3 Bh6 18. Nf1 Nd7 19. Qf2 Qe7 20. g4 Ng7 21. h4 f6 22. Ng3 Ne6 23. Nd2 Rf8 24. Bxb7 Rxb7 25. Qg2 Rbb8 26. Nde4 Kh8 27. Qh3 Rf7 28. Nc3 Rg8 29. Nd5 Qd8 30. g5 Nxg5 31. hxg5 Bxg5 32. Ne4 f5 33. Nxg5 Qxg5+ 34. Qg2 Qh4 35. Qh2 Qg4+ 36. Kf2 f4 37. exf4 Re8 38. Qg3 Qf5 39. Kg2 Kg8 40. fxe5 Qh5 41. e6 Rxe6 42. Rxe6 Qxd1 43. Ne7+ Kf8 44. Nxg6+ hxg6 45. Qd6+ 1-0

[Event "AUT-chT 1011"]
[Site "Austria"]
[Date "2010.11.20"]
[Round "2.3"]
[White "Baramidze, David"]
[Black "Rapport, Richard"]
[Result "1-0"]
[WhiteElo "2546"]
[BlackElo "2543"]
[PlyCount "35"]
[EventDate "2010.11.19"]
[EventType "team-tourn"]
[EventRounds "11"]
[EventCountry "AUT"]
[SourceTitle "EXT 2011"]
[Source "ChessBase"]
[SourceDate "2010.11.26"]
[SourceVersion "1"]
[SourceVersionDate "2010.11.26"]
[SourceQuality "1"]
[WhiteTeam "Hohenems"]
[BlackTeam "Fuerstenfeld"]
[WhiteTeamCountry "AUT"]
[BlackTeamCountry "AUT"]

1. Nf3 d5 2. c4 d4 3. e3 Nc6 4. exd4 Nxd4 5. Nxd4 Qxd4 6. Nc3 c6 7. d3 Nh6 8. Ne2 ({RR} 8. h3 Nf5 9. g4 Qe5+ 10. Ne4 Nd4 11. f4 Qa5+ 12. Bd2 Qd8 13. Bg2 g6 14. Bc3 Bg7 15. O-O h5 16. g5 O-O 17. Qd2 Bf5 18. Rae1 Qc7 19. Ng3 Rad8 20. Kh2 h4 21. Ne4 Ne6 22. Kh1 Rd7 {Naiditsch,A (2716)-Bauer,C (2638) Mulhouse 2011 0-1}) ({RR} 8. Be2 g6 9. Be3 Qd8 10. g4 Bg7 11. h3 f5 12. Qd2 Nf7 13. d4 Qa5 14. Ne4 Qxd2+ 15. Nxd2 O-O 16. O-O-O Nd8 17. f3 Ne6 18. Nb3 fxg4 19. fxg4 Nf4 20. Bf1 b6 21. Re1 a5 22. Na1 Ra7 {Garcia Matos,R (2315)-Perez Leiva,J (2369) Holguin CUB 2024 ½-½ (62)}) 8... Qb6 9. Ng3 $146 ({RR} 9. d4 Nf5 10. Qb3 g6 11. Bd2 Bg7 12. Bc3 O-O 13. O-O-O Rd8 14. c5 Qxb3 15. axb3 h5 16. g3 Be6 17. Kc2 Bd5 18. Rg1 e5 19. Bg2 Bxg2 20. Rxg2 exd4 21. Ba5 Rd5 22. b4 Be5 23. Nf4 Bxf4 {Kovacs,K (2209)-Grinberg,E (2451) Budapest 2017 0-1}) 9... Ng4 10. d4 e5 11. h3 Nf6 12. dxe5 Bb4+ 13. Bd2 Bg4 14. Qc2 O-O-O 15. Bxb4 Qxb4+ 16. Qc3 Qb6 17. hxg4 Nxg4 18. c5 1-0

[Event "AUT-chT 1011"]
[Site "Austria"]
[Date "2011.03.04"]
[Round "9.3"]
[White "Buhmann, Rainer"]
[Black "Bezold, Michael"]
[Result "1-0"]
[WhiteElo "2590"]
[BlackElo "2525"]
[PlyCount "75"]
[EventDate "2010.11.19"]
[EventType "team-tourn"]
[EventRounds "11"]
[EventCountry "AUT"]
[SourceTitle "EXT 2012"]
[Source "ChessBase"]
[SourceDate "2011.11.24"]
[SourceVersion "1"]
[SourceVersionDate "2011.11.24"]
[SourceQuality "1"]
[WhiteTeam "Maria Saal"]
[BlackTeam "Hohenems"]
[WhiteTeamCountry "AUT"]
[BlackTeamCountry "AUT"]

1. Nf3 e6 2. c4 b6 3. g3 Bb7 4. Bg2 g6 5. O-O Bg7 6. d4 ({RR} 6. Nc3 Nf6 7. d4 Ne4 8. Bd2 O-O 9. Rc1 c5 10. d5 exd5 11. cxd5 Nxd2 12. Nxd2 d6 13. Nc4 Ba6 14. b3 b5 15. Nd2 Nd7 16. a4 b4 17. Nce4 Ne5 18. Nc4 Nxc4 19. bxc4 Re8 20. Re1 f5 {So,W (2815)-Carlsen,M (2832) Chess.com INT 2017 0-1}) 6... Ne7 7. Nc3 d5 8. cxd5 $146 ({RR} 8. Bf4 c6 9. cxd5 exd5 10. Re1 O-O 11. e4 Nd7 12. e5 Re8 13. a4 c5 14. dxc5 bxc5 15. Qb3 Bc6 {1-0 (15) Zakharchenko,A (2330)-Waisberg,A (2010) Bad Zwischenahn 2003}) 8... Nxd5 9. Bg5 Nxc3 10. bxc3 Qc8 11. Qa4+ Nd7 12. Rfe1 O-O 13. e4 c5 14. Rad1 Re8 15. h4 a6 16. Qb3 b5 17. h5 Qc7 18. d5 c4 19. Qc2 exd5 20. exd5 Rxe1+ 21. Nxe1 Qe5 22. Nf3 Qxc3 23. Qe2 Bf6 24. d6 Bxg5 25. Nxg5 Bxg2 26. Kxg2 Qe5 27. Qf3 Rf8 28. Rd5 Qf6 29. Qe3 Qd8 30. Qf3 Nb6 31. Rc5 Qxd6 32. Ne4 Qd4 33. Nf6+ Kg7 34. Rc7 Qd3 35. Ne8+ Kg8 36. Nf6+ Kg7 37. Qf4 h6 38. Qe5 1-0

[Event "BCF-ch rapidplay"]
[Site "Halifax"]
[Date "2010.11.21"]
[Round "9"]
[White "Hebden, Mark"]
[Black "Turner, Matthew"]
[Result "1-0"]
[WhiteElo "2560"]
[BlackElo "2517"]
[PlyCount "163"]
[EventDate "2010.11.20"]
[EventType "swiss (rapid)"]
[EventRounds "11"]
[EventCountry "ENG"]
[SourceTitle "EXT 2011"]
[Source "ChessBase"]
[SourceDate "2010.11.26"]
[SourceVersion "1"]
[SourceVersionDate "2010.11.26"]
[SourceQuality "1"]

1. d4 d5 2. Nf3 Nf6 3. c4 c6 4. e3 e6 5. Bd3 Nbd7 6. b3 Bd6 7. Bb2 Qa5+ 8. Nbd2 Ba3 9. Bxa3 Qxa3 10. O-O O-O 11. Re1 $146 ({RR} 11. Qe2 Re8 12. e4 e5 13. cxd5 cxd5 14. dxe5 Nxe5 15. Nxe5 Rxe5 16. f4 Qc5+ 17. Qf2 Qxf2+ 18. Rxf2 Re7 19. e5 Ng4 20. Re2 h5 21. Nf3 Rc7 22. Nd4 a6 23. h3 Nh6 24. f5 Bd7 25. e6 fxe6 {Smirnov,P (2538)-Ustinov,A (2277) Dzhubga RUS 2023 1-0 (35)}) ({RR} 11. Qc2 Qe7 12. e4 dxe4 13. Nxe4 e5 14. Rfe1 exd4 15. Neg5 Qd6 16. Bxh7+ Kh8 17. Rad1 c5 18. Bf5 b6 19. Be4 Rb8 20. Bd5 Bb7 21. Nxf7+ Rxf7 22. Bxf7 Bxf3 23. gxf3 Ne5 24. Qf5 Nxf7 25. Re6 Qd8 {Quintiliano Pinto,R (2469)-Prydun,A (2254) Chess.com INT 2020 1-0 (35)}) 11... a5 12. Qb1 Qe7 13. Ne5 h6 14. Qb2 c5 15. Rac1 a4 16. Nxd7 Nxd7 17. cxd5 exd5 18. Bb5 axb3 19. axb3 cxd4 20. Bxd7 Bxd7 21. Qxd4 Be6 22. Nf3 Ra2 23. h3 Rfa8 24. Qe5 R8a6 25. Nd4 Qg5 26. Qxg5 hxg5 27. Rc7 Rb6 28. Rec1 Kh7 29. Re7 Rd2 30. Nf3 Rb2 31. Nxg5+ Kg6 32. Nxe6 Rxe6 33. Rxb7 Rf6 34. Rf1 Kf5 35. Rb4 g5 36. g4+ Kg6 37. Kg2 Rc6 38. Rd4 Rc5 39. b4 Rb5 40. Rfd1 R2xb4 41. Rxb4 Rxb4 42. Rxd5 f6 43. Kg3 Rb1 44. Kg2 Ra1 45. Rd8 Kg7 46. Rd6 Rb1 47. f4 Re1 48. Rd7+ Kg8 49. fxg5 fxg5 50. Re7 Kf8 51. Re5 Kf7 52. Rxg5 Rxe3 53. Rf5+ Kg6 54. Rf3 Re6 55. Kg3 Ra6 56. h4 Rb6 57. h5+ Kh6 58. Kh4 Rb4 59. Rf6+ Kg7 60. Ra6 Rc4 61. h6+ Kh7 62. Kh5 Rc5+ 63. g5 Rb5 64. Rf6 Ra5 65. Rf7+ Kg8 66. Re7 Rb5 67. Kg6 Rb8 68. Rg7+ Kh8 69. Rf7 Ra8 70. Re7 Rb8 71. Kf7 Rf8+ 72. Ke6 Kg8 73. Kd7 Rf5 74. g6 Rd5+ 75. Ke6 Rd8 76. Kf6 Ra8 77. Re5 Ra6+ 78. Kg5 Ra8 79. Rf5 Rb8 80. h7+ Kh8 81. Kh6 Ra8 82. g7# 1-0

[Event "EU-ch blitz 29th"]
[Site "Warsaw"]
[Date "2010.12.17"]
[Round "11"]
[White "Movsesian, Sergei"]
[Black "Socko, Bartosz"]
[Result "1-0"]
[WhiteElo "2721"]
[BlackElo "2660"]
[PlyCount "100"]
[EventDate "2010.12.17"]
[EventType "swiss (blitz)"]
[EventRounds "13"]
[EventCountry "POL"]
[SourceTitle "CBM 139 Extra"]
[Source "ChessBase"]
[SourceDate "2011.01.05"]
[SourceVersion "1"]
[SourceVersionDate "2011.01.05"]
[SourceQuality "1"]

1. g3 d5 2. Nf3 Nf6 3. Bg2 c5 4. O-O Nc6 5. d3 Bg4 6. Nbd2 e6 7. h3 Bh5 8. e4 Be7 9. c3 ({RR} 9. Re1 O-O 10. c3 a5 11. a4 Bg6 12. Qb3 Ra6 13. Nh4 Rb6 14. Qc2 Ne8 15. Nxg6 hxg6 16. exd5 exd5 17. Nf3 Bf6 18. Bf4 Nc7 19. h4 Ne6 20. Bd2 d4 21. Bh3 dxc3 22. bxc3 Qd5 23. Re4 Rd8 {Gukesh,D (2578)-Suleymanli,A (2560) Chess.com INT 2021 0-1 (48)}) 9... O-O ({RR} 9... dxe4 10. dxe4 O-O 11. Qe2 Ne5 12. g4 Nxf3+ 13. Qxf3 Bg6 14. Qg3 Rb8 15. f4 h6 16. h4 Nd7 17. h5 Bh7 18. Nf3 Kh8 19. f5 exf5 20. exf5 f6 21. Bf4 Rc8 22. Nh4 Rf7 23. Ng6+ Bxg6 24. hxg6 {Platzgummer,F (2291)-Aung Thant Zin (2268) chess.com INT 2025 1-0}) 10. Qc2 Re8 $146 ({RR} 10... Qc7 11. Re1 Rfd8 12. exd5 Nxd5 13. Nc4 Bf6 14. Ncd2 Rac8 15. Nc4 Be7 16. Qb3 Rd7 17. a4 Nb6 18. Nxb6 axb6 19. Re3 Rcd8 20. Nd2 Rxd3 21. Rxd3 Rxd3 22. Nc4 Nd4 23. Qxb6 Rd1+ 24. Kh2 Qxb6 25. Nxb6 {Stanec,N (2517)-Baumegger,S (2411) Oberwart 2006 0-1}) ({RR} 10... h6 11. Re1 Bg6 12. Nh2 Qc7 13. Ndf1 Rad8 14. Qe2 c4 15. dxc4 Bxe4 16. Bxe4 dxe4 17. Bf4 Qc8 18. Kg2 b6 19. Rad1 Qb7 20. Kg1 Qc8 21. g4 Rxd1 22. Rxd1 Rd8 23. Ng3 Rxd1+ 24. Qxd1 g5 25. Be3 {Klimentov,R (2180)-Bedenko,N (1967) Voronezh 2018 0-1 (46)}) 11. a3 e5 12. Re1 Bf8 13. b3 d4 14. c4 Nd7 15. Nh2 Bd6 16. Rf1 Be2 17. Re1 Bh5 18. Ndf1 Qc7 19. f3 f6 20. h4 Nf8 21. Bh3 a6 22. Qf2 Ne6 23. Ra2 b5 24. f4 exf4 25. Bxe6+ Rxe6 26. gxf4 bxc4 27. bxc4 Rb8 28. Ng3 Bf7 29. e5 fxe5 30. f5 Ree8 31. Ne4 Be7 32. Qg3 Kh8 33. Rg2 Rg8 34. Bg5 Bd8 35. Ng4 Bh5 36. Nxc5 Bxg4 37. Ne6 Qd7 38. Qxg4 Bf6 39. Qe4 Nd8 40. Qd5 Qxd5 41. cxd5 Nf7 42. Rc1 Rgc8 43. Rc6 Nd8 44. Bxf6 gxf6 45. Rxc8 Rxc8 46. d6 Nf7 47. d7 Rb8 48. Rc2 Rg8+ 49. Kh2 Nd8 50. Rc8 Nb7 1-0